| 000 | 01477nam2a2200265 4500 | ||
|---|---|---|---|
| 001 | RU\NLR\bibl\1074605 | ||
| 005 | 20250615044410.0 | ||
| 010 |
_a5-9900614-5-5 _9100 |
||
| 021 |
_aRU _b2007-15273 _9818 |
||
| 035 | _a(NLR Aleph) 001061812 | ||
| 090 |
_a943412 _c943412 |
||
| 100 | _a20070418d2006 |||y0rusy50 ca | ||
| 101 | 0 | _arus | |
| 102 | _aRU | ||
| 105 | _ay ||||||||| | ||
| 200 | 0 | _aВып. 1 | |
| 210 |
_d2006 _aБ. м. |
||
| 215 | _a85 с. | ||
| 320 | _aБиблиогр. в тексте отд. ст. | ||
| 461 | 0 |
_1001RU\NLR\bibl\1090272 _12001#$aПерспективы совершенствования образования педагога по физической культуре$vВып. 1 _91036967 _cМосква _d2006 _f[редкол.: доценты Масягина Н.В., Шафранская А.Н.] _nЛаватера _oматериалы заседания Учебно-методической комиссии по физической культуре Учебно-методического объединения по специальностям педагогического образования на базе МГПУ, 23-24 марта 2006 года [Москва] _tПерспективы совершенствования образования педагога по физической культуре _vВып. 1 |
|
| 801 | 0 |
_aRU _bNLR _c20070418 _gRCR |
|
| 801 | 1 |
_aRU _bNLR _c20070418 |
|
| 942 | _cBOOK | ||
| 980 | _aNB | ||